000 00455nam a2200181Ia 4500
008 230524s9999 xx 000 0 und d
020 _a9789327227031
082 _a4.22
_bSAH
100 _aRajesh Kumar Sahoo
_942111
245 0 _aAdvanced Computer Architecture
250 _a1
260 _aNew Delhi
_bkalyani pub
_c2013
300 _a406p;
500 _aQuantity Number: 1
650 _aComp-Sc
700 _aSatyabrata Das
_942112
942 _cBK
999 _c56515
_d56515